Datum a čas kvízu
22.5
Celkem bodů
Celkový počet nahraných bodů na tomto kvízu bez doplňovacích otázek.
10.
Pořadí na kvízu
Konečné umístění týmu na tomto kvízu.
Zaznamenané odpovědi
| # | Otázka | Odpověď | Body | Výsledky |
|---|---|---|---|---|
| 1. | Česká diplomacie zaznamenala m... | Jiří Šedivý | 0 | |
| 2. | V jedné evropské zemi rezignov... | o Ukrajině | 0 | |
| 3. | Na letošní festival Febiofest... | Woody Harrelson | 0 | |
| 4. | V úterý byl vyhlášen Podnikate... | Oliver Dlouhý | 1 | |
| 5. | O víkendu bojoval český davisc... | s týmem Slovenska | 1 | |
| 6. | V následujících pěti otázkách... | gaviál (indický) | 1 | |
| 7. | Desomorfin je syntetický opioi... | v Rusku | 0 | |
| 8. | Značka Crocs je známá předevší... | v USA | 0 | |
| 9. | Krokodýl Dundee je australská... | Paul Hogan, Mike | 0.5 | |
| 10. | Jak se jmenoval tento muž, zva... | Bill Haley | 0 |